LDR 00734naa#a2200157#i#450# 001 RU\\bibl\126742 005 20260705122032.7 011 ## _a2542-1840 100 ## _a20260630b2026####ek#y0rusy0150####ca 102 ## _aRU 200 1# _aКлассификация некоммерческих организаций через призму осуществления контроля и надзора за их деятельностью _eЖурнальная статья 210 1# _aКемерово _cКемеровский государственный университет _d2026 215 ## _a8 с. 608 ## _aЖурнальная статья _2local 700 #1 _aЧудаев _gАнтон Константинович 856 4# _amoloprom.kemsu.ru _u